Statistics for Years in History #1 - Multiple Choice

Click here to take the quiz!

General Stats

  • This quiz has been taken 25,286 times
  • The average score is 14 of 20

Answer Stats

QuestionAnswer% Correct
World War I begins1914
95%
Neil Armstrong becomes the first person to walk on the moon1969
94%
Fall of the Berlin Wall1989
89%
Columbus "discovers" America1492
88%
The U.S. Declaration of Independence is signed1776
86%
The Japanese bomb Pearl Harbor1941
81%
The start of the Great Depression1929
81%
The Wright Brothers fly the first airplane1903
74%
Napoleon's final defeat at the Battle of Waterloo1815
74%
The U.S. Civil War begins1861
71%
King John signs the Magna Carta1215
70%
The Spanish Armada sails to invade England but is scattered1588
65%
The Protestant Reformation begins1517
64%
The Gunpowder Plot: Guy Fawkes and others try to blow up the English Parliament1605
62%
The Black Plague reaches Europe1347
61%
Alexander the Great dies in Babylon323 BC
58%
Edison patents the light bulb1879
55%
Muhammed dies in Medina632
55%
The Thirty Years War comes to an end with the Peace of Westphalia1648
53%
Constantinople falls to Turkish invaders - ending the Byzantine Empire1453
41%

Score Distribution

Percentile by Number Answered

Percent of People with Each Score

Your Score History

You have not taken this quiz